[Event "World Amateur-ch U1700"]
[Site "Cagliari"]
[Date "2018.04.27"]
[Round "7"]
[White "De Rumigny, Philippe"]
[Black "Manca, Antonio"]
[Result "1-0"]
[WhiteElo "1430"]
[BlackElo "1123"]
[PlyCount "69"]
[EventDate "2018.04.22"]
[EventType "swiss"]
[EventRounds "9"]
[EventCountry "ITA"]
[SourceTitle "CBM 184 Extra"]
[Source "ChessBase"]
[SourceDate "2018.06.28"]
[SourceVersion "1"]
[SourceVersionDate "2018.06.28"]
[SourceQuality "1"]

1. e4 e5 2. Nf3 Nc6 3. d4 exd4 4. Nxd4 Nxd4 5. Qxd4 c5 6. Qc3 Nf6 7. Bg5 b6 8. e5 Be7 9. exf6 Bxf6 10. Bxf6 Qxf6 11. Qxf6 gxf6 12. Nc3 0-0 13. 0-0-0 d6 14. Nd5 Kg7 15. Bd3 h6 16. Be4 Rb8 17. Rd3 f5 18. Rg3+ Kh8 19. Bd3 Re8 20. f4 Rb7 21. Nf6 Rf8 22. Rf1 a5 23. Bb5 Re7 24. Kd2 Rd8 25. Nd5 Re6 26. Nxb6 Bb7 27. Nc4 Bd5 28. Nxa5 Rb8 29. a4 Rbe8 30. c4 Bxc4 31. Nxc4 Rf8 32. Ne3 Rf6 33. Nd5 Rg6 34. Rff3 Rfg8 35. Ne7 1-0